Foundations of infection control and prevention / (Record no. 30640)

000 -LEADER
fixed length control field 01840cam a2200301 i 4500
001 - CONTROL NUMBER
control field 19394834
005 - DATE AND TIME OF LATEST TRANSACTION
control field 20200109114112.0
008 - FIXED-LENGTH DATA ELEMENTS--GENERAL INFORMATION
fixed length control field 161201t20182018maua b 001 0 eng
010 ## - LIBRARY OF CONGRESS CONTROL NUMBER
LC control number 2016054985
020 ## - INTERNATIONAL STANDARD BOOK NUMBER
International Standard Book Number 9781284053135 (pbk.)
020 ## - INTERNATIONAL STANDARD BOOK NUMBER
International Standard Book Number 128405313X (pbk.)
035 ## - SYSTEM CONTROL NUMBER
System control number (DNLM)101696839
040 ## - CATALOGING SOURCE
Original cataloging agency DNLM/DLC
Language of cataloging eng
Transcribing agency DLC
Description conventions rda
Modifying agency DLC
042 ## - AUTHENTICATION CODE
Authentication code pcc
050 00 - LIBRARY OF CONGRESS CALL NUMBER
Classification number RA643
Item number .M38 2018
060 10 - NATIONAL LIBRARY OF MEDICINE CALL NUMBER
Classification number WA 110
082 00 - DEWEY DECIMAL CLASSIFICATION NUMBER
Classification number 614.4
Edition number 23
100 1# - MAIN ENTRY--PERSONAL NAME
Personal name McGuire-Wolfe, Christine,
Relator term author.
245 10 - TITLE STATEMENT
Title Foundations of infection control and prevention /
Statement of responsibility, etc. Christine McGuire-Wolfe, PhD, CIC, CPH, EMT-P.
260 ## - PUBLICATION, DISTRIBUTION, ETC. (IMPRINT)
Place of publication, distribution, etc. Burlington, MA :
Name of publisher, distributor, etc. Jones & Bartlett Learning,
Date of publication, distribution, etc. ©2018
300 ## - PHYSICAL DESCRIPTION
Extent xiii, 282 p. :
Other physical details ill. ;
Dimensions 26 cm
504 ## - BIBLIOGRAPHY, ETC. NOTE
Bibliography, etc Includes bibliographical references and index.
505 0# - FORMATTED CONTENTS NOTE
Formatted contents note Introduction to the role of infection preventionists and basic principles -- Hand hygiene -- Modes of transmission, personal protective equipment, and isolation precautions -- Cleaning, disinfection, and sterilization -- Healthcare-associated infections -- Vaccines and vaccine preventable diseases -- Foodborne illness and food safety -- Employee health -- Bioterrorism -- Appendix A : Antimicrobial spectrum and characteristics of hand-hygiene antiseptic agents -- Appendix B : type and duration of precautions recommended for selected infection and conditions -- Appendix C : Summary of advantages and disadvantages of chemical agents used as chemical sterilants or as high-level disinfectants -- Appendix D : selected biological agents potentially involved in bioterrorism.
650 12 - SUBJECT ADDED ENTRY--TOPICAL TERM
Topical term or geographic name as entry element Communicable Disease Control
General subdivision methods
906 ## - LOCAL DATA ELEMENT F, LDF (RLIN)
a 7
b cbc
c orignew
d 1
e ecip
f 20
g y-gencatlg
942 ## - ADDED ENTRY ELEMENTS (KOHA)
Source of classification or shelving scheme
Koha item type Hard Covered Materials
Classification part RA643.M38 2018
Holdings
Withdrawn status Lost status Source of classification or shelving scheme Damaged status Not for loan Home library Current library Shelving location Date acquired Source of acquisition Cost, normal purchase price Total Checkouts Full call number Barcode Date last seen Price effective from Koha item type
          MACHAKOS UNIVERSITY LIBRARY MACHAKOS UNIVERSITY LIBRARY Open shelf 09/01/2020 Donation (DVC ASA ) EYS 9047.41   RA 643 .M34 2018 23211 09/01/2020 09/01/2020 Hard Covered Materials
© Machakos University Library, Along The Highway, Machakos Wote Rd, Machakos, Kenya P.O. Box 136 - 90100 Machakos - Kenya

Tel: ( +254 ) 723 805829 OR Fax : 044-20353 OR Email: library@mksu.ac.ke